[Event "EUSA open blitz"]
[Site "Budapest"]
[Date "2019.07.28"]
[Round "5.1"]
[White "Predke, Alexandr"]
[Black "Shevchenko, Kirill"]
[Result "0-1"]
[WhiteElo "2632"]
[BlackElo "2536"]
[PlyCount "228"]
[EventDate "2019.07.28"]
[EventType "swiss"]
[EventRounds "9"]
[EventCountry "HUN"]

1. Nc3 e5 2. Nf3 Nc6 3. d4 exd4 4. Nxd4 Nf6 5. Bg5 h6 6. Bxf6 Qxf6 7. Ndb5 Qd8
8. Nd5 Bd6 9. Nxd6+ cxd6 10. Nc3 Qb6 11. Qxd6 Qxb2 12. Kd2 Qxa1 13. e3 Qb2 14.
Nd5 Qe5 15. Nc7+ Kd8 16. Qxe5 Nxe5 17. Nxa8 b6 18. f4 Nc6 19. Bc4 Rf8 20. Rb1
Bb7 21. Nxb6 axb6 22. Rxb6 Kc7 23. Rb1 f6 24. g4 Ra8 25. h4 Ra5 26. Rg1 d5 27.
Bb3 d4 28. c3 dxe3+ 29. Kxe3 Ne7 30. Kd4 Kd6 31. c4 h5 32. Kc3 hxg4 33. Rxg4 g6
34. Bc2 Bf3 35. Rg3 Bh5 36. a4 Nf5 37. Rd3+ Kc6 38. Kb4 Ra7 39. a5 Rb7+ 40. Kc3
Nd6 41. Ba4+ Kc7 42. Rd4 Be2 43. a6 Ra7 44. c5 Nb5+ 45. Bxb5 Bxb5 46. f5 gxf5
47. h5 Rxa6 48. h6 Ra8 49. Rd6 Rf8 50. h7 Bd7 51. Rxf6 Rh8 52. Rh6 f4 53. Kd4
f3 54. Ke3 Bc6 55. Kf2 Be4 56. Ke3 Bd5 57. Kf2 Be4 58. Ke3 Bxh7 59. Kf2 Kd7 60.
Ke3 Ke7 61. c6 Kf7 62. c7 Kg7 63. Rc6 Rc8 64. Kxf3 Kf7 65. Kf4 Ke7 66. Ke5 Kd7
67. Rc3 Bb1 68. Rc1 Ba2 69. Rd1+ Ke7 70. Rc1 Bb3 71. Rc3 Ba4 72. Rh3 Be8 73.
Rc3 Bb5 74. Rc5 Ba4 75. Rc4 Bb5 76. Rc5 Be8 77. Rc1 Kd7 78. Rc3 Ke7 79. Rc1 Bb5
80. Rc5 Ba6 81. Rc6 Bb7 82. Rh6 Kd7 83. Rh7+ Kc6 84. Re7 Ba6 85. Re6+ Kb7 86.
Kd6 Bb5 87. Re7 Rh8 88. Kc5 Rh5+ 89. Kd6 Rh1 90. Kc5 Ba4 91. Rg7 Rc1+ 92. Kd6
Rc6+ 93. Kd5 Rh6 94. Kc5 Rc6+ 95. Kd5 Rc1 96. Kd6 Bb3 97. Ke5 Rd1 98. Re7 Ba4
99. Rg7 Bd7 100. Ke4 Kxc7 101. Ke3 Kd6 102. Rg6+ Ke5 103. Rg8 Ra1 104. Rg7 Ra3+
105. Kd2 Bf5 106. Re7+ Kd4 107. Ke2 Be4 108. Kf2 Rf3+ 109. Ke2 Rg3 110. Rd7+
Bd5 111. Kf2 Rg2+ 112. Kf1 Rd2 113. Kg1 Ke3 114. Rg7 Rd1+ 0-1

[Event "EUSA open blitz"]
[Site "Budapest"]
[Date "2019.07.28"]
[Round "5.2"]
[White "Golubka, Petro"]
[Black "Harutyunian, Tigran K"]
[Result "1-0"]
[WhiteElo "2483"]
[BlackElo "2552"]
[PlyCount "73"]
[EventDate "2019.07.28"]
[EventType "swiss"]
[EventRounds "9"]
[EventCountry "HUN"]

1. e4 e5 2. Nf3 Nc6 3. Bb5 a6 4. Ba4 Nf6 5. d3 b5 6. Bb3 Be7 7. a4 b4 8. O-O d6
9. a5 O-O 10. Re1 Be6 11. Nbd2 Rb8 12. Bc4 Bxc4 13. Nxc4 Rb5 14. Be3 Ng4 15.
Nfd2 Nxe3 16. fxe3 f5 17. exf5 Rxf5 18. e4 Rf7 19. Nb3 d5 20. exd5 Rxd5 21. Qe2
Bc5+ 22. Kh1 Ba7 23. Rf1 Rdd7 24. Qe4 Qf8 25. Nbd2 Rf6 26. Nxe5 Nxe5 27. Qxe5
Rdf7 28. Rxf6 Rxf6 29. Qd5+ Kh8 30. Nf3 c6 31. Qe4 h6 32. Re1 Rf5 33. Qxc6 Rxa5
34. Re8 Ra1+ 35. Ne1 Kh7 36. Qe4+ g6 37. Rxf8 1-0

[Event "EUSA open blitz"]
[Site "Budapest"]
[Date "2019.07.28"]
[Round "5.3"]
[White "Zaslavsky, Mikhail"]
[Black "Chigaev, Maksim"]
[Result "0-1"]
[WhiteElo "2405"]
[BlackElo "2640"]
[PlyCount "54"]
[EventDate "2019.07.28"]
[EventType "swiss"]
[EventRounds "9"]
[EventCountry "HUN"]

1. f4 f5 2. Nf3 Nf6 3. b3 g6 4. Bb2 Bg7 5. e3 O-O 6. Be2 d6 7. O-O Kh8 8. a4
Be6 9. Na3 Bg8 10. b4 Nbd7 11. c4 Qe8 12. Nb5 Qd8 13. Qc2 a6 14. Na3 Qe8 15. c5
e5 16. cxd6 cxd6 17. fxe5 dxe5 18. Rac1 e4 19. Nd4 Ne5 20. b5 Nd5 21. bxa6 bxa6
22. Nc4 Nb4 23. Qc3 Bxc4 24. Qxb4 Bxe2 25. Nxe2 Rb8 26. Qa3 Rxb2 27. Qxb2 Nf3+
0-1

[Event "EUSA open blitz"]
[Site "Budapest"]
[Date "2019.07.28"]
[Round "5.4"]
[White "Petrosyan, Tigran S"]
[Black "Cengiz, Anil"]
[Result "1-0"]
[WhiteElo "2448"]
[BlackElo "1875"]
[PlyCount "124"]
[EventDate "2019.07.28"]
[EventType "swiss"]
[EventRounds "9"]
[EventCountry "HUN"]

1. Nf3 c5 2. e4 Nc6 3. Bb5 g6 4. Bxc6 dxc6 5. d3 Bg7 6. h3 e5 7. Nc3 Ne7 8. Be3
b6 9. Qc1 h6 10. O-O Be6 11. a3 Qc7 12. b4 c4 13. d4 exd4 14. Bxd4 Bxd4 15.
Nxd4 O-O-O 16. Qe3 Qe5 17. Rfd1 g5 18. a4 Rd7 19. a5 b5 20. Nf3 Qf4 21. Qc5
Rhd8 22. Rxd7 Rxd7 23. Nxb5 Kb8 24. Nbd4 Qxe4 25. b5 Qd5 26. Nxc6+ Nxc6 27.
Qxc6 Qxc6 28. bxc6 Rd5 29. Rb1+ Kc8 30. a6 Ra5 31. Nd4 Rxa6 32. Rb4 Bd5 33. Rb5
Bxc6 34. Rc5 Kd7 35. Rxc4 Bd5 36. Rb4 Ra1+ 37. Kh2 Rf1 38. f3 Ra1 39. Nf5 h5
40. Rd4 Ke6 41. Ne3 Bc6 42. h4 gxh4 43. Rxh4 Ra5 44. Kg3 Re5 45. Kf2 a5 46. Rc4
Bb5 47. Rc8 a4 48. Ra8 Rc5 49. Ra5 Kd6 50. Ra7 Ke6 51. Ke1 Re5 52. Kd2 h4 53.
c4 Bc6 54. Kd3 Rh5 55. Kd4 h3 56. gxh3 Bxf3 57. Rxa4 Rxh3 58. Ra6+ Ke7 59. Nf5+
Kd7 60. Ke5 Rh5 61. Kf6 Be4 62. Ra7+ Kd8 1-0

[Event "EUSA open blitz"]
[Site "Budapest"]
[Date "2019.07.28"]
[Round "5.5"]
[White "Lewicki, Miroslaw"]
[Black "Barbot, Pierre"]
[Result "0-1"]
[WhiteElo "2351"]
[BlackElo "2441"]
[PlyCount "106"]
[EventDate "2019.07.28"]
[EventType "swiss"]
[EventRounds "9"]
[EventCountry "HUN"]

1. e4 e5 2. Nf3 Nc6 3. Bb5 g6 4. O-O Bg7 5. c3 a6 6. Ba4 Nge7 7. d4 exd4 8.
cxd4 b5 9. Bc2 d6 10. h3 O-O 11. Nc3 Bb7 12. Bg5 h6 13. Bh4 g5 14. Bg3 f5 15.
Re1 Qd7 16. Qd2 Rae8 17. d5 Na5 18. Rad1 Nc4 19. Qc1 f4 20. Bh2 Ng6 21. Nd4
Bxd4 22. Rxd4 Nce5 23. Rdd1 Bc8 24. f3 Nh4 25. Rf1 Re7 26. Ne2 Rg7 27. Nd4 Qf7
28. Ne6 Qh5 29. Nxg7 Kxg7 30. Rd2 Rf7 31. Bd1 Qg6 32. Qc3 Kg8 33. Rc2 h5 34. g4
fxg3 35. Bxg3 Bxh3 36. Bxe5 Bxf1 37. Bg3 Bh3 38. Kh2 Nxf3+ 39. Bxf3 h4 40. Kxh3
hxg3 41. Kxg3 g4 42. Bg2 Qg5 43. Qd2 Qe5+ 44. Kxg4 Rg7+ 45. Kf3 Qg3+ 46. Ke2
Qxg2+ 47. Kd3 Rg3+ 48. Kd4 Qg1+ 49. Qf2 Qd1+ 50. Qd2 Qg1+ 51. Qf2 Qd1+ 52. Qd2
Qf3 53. Qh6 Qd3# 0-1

[Event "EUSA open blitz"]
[Site "Budapest"]
[Date "2019.07.28"]
[Round "5.6"]
[White "Tuncer, Tuna"]
[Black "Korpa, Bence"]
[Result "0-1"]
[WhiteElo "2365"]
[BlackElo "2523"]
[PlyCount "82"]
[EventDate "2019.07.28"]
[EventType "swiss"]
[EventRounds "9"]
[EventCountry "HUN"]

1. e4 d5 2. exd5 Qxd5 3. Nc3 Qd6 4. d4 Nf6 5. Bc4 Bg4 6. f3 Bh5 7. Nge2 e6 8.
Bf4 Qd8 9. O-O c6 10. Qd2 Nbd7 11. Bg3 Bg6 12. Nf4 Bf5 13. Rae1 Be7 14. Kh1 O-O
15. Bd3 Bxd3 16. Nxd3 Nb6 17. Bf2 Nc4 18. Qc1 a5 19. Ne4 a4 20. c3 Ra5 21. b3
axb3 22. axb3 Nd6 23. Ne5 Ndxe4 24. fxe4 Ra2 25. Be3 Qa8 26. Rf2 Nxe4 27. Rff1
Bh4 28. Nd3 Bxe1 29. Qxe1 Qa5 30. b4 Qh5 31. Nf4 Qb5 32. Bg1 Nf6 33. Rf3 Rfa8
34. Rg3 Ra1 35. Qe3 g6 36. Nd3 Qf5 37. h3 Nd5 38. Qd2 R8a2 39. Qh6 Qe4 40. Rf3
Rd1 41. Kh2 Rxd3 0-1

[Event "EUSA open blitz"]
[Site "Budapest"]
[Date "2019.07.28"]
[Round "6.1"]
[White "Shevchenko, Kirill"]
[Black "Golubka, Petro"]
[Result "1/2-1/2"]
[WhiteElo "2536"]
[BlackElo "2483"]
[PlyCount "32"]
[EventDate "2019.07.28"]
[EventType "swiss"]
[EventRounds "9"]
[EventCountry "HUN"]

1. d4 d5 2. c4 c6 3. Nf3 Nf6 4. e3 e6 5. b3 b6 6. Bb2 Bb7 7. Nbd2 Nbd7 8. Be2
Be7 9. O-O O-O 10. Rc1 Rc8 11. Qc2 c5 12. Qb1 Rc7 13. Rfd1 cxd4 14. Nxd4 Qa8
15. cxd5 Nxd5 16. Bf3 Rxc1 1/2-1/2

[Event "EUSA open blitz"]
[Site "Budapest"]
[Date "2019.07.28"]
[Round "6.2"]
[White "Chigaev, Maksim"]
[Black "Petrosyan, Tigran S"]
[Result "1-0"]
[WhiteElo "2640"]
[BlackElo "2448"]
[PlyCount "58"]
[EventDate "2019.07.28"]
[EventType "swiss"]
[EventRounds "9"]
[EventCountry "HUN"]

1. e4 e5 2. Nf3 Nc6 3. d4 exd4 4. Nxd4 Qf6 5. Nb5 Bc5 6. Qf3 Qxf3 7. gxf3 Bb6
8. Be3 Bxe3 9. fxe3 Kd8 10. Rg1 g6 11. Nd2 Nge7 12. O-O-O a6 13. Nc3 d6 14. f4
Be6 15. Nf3 Ke8 16. Ng5 Nd8 17. h4 h6 18. Nf3 h5 19. Ng5 Bg4 20. Be2 Bxe2 21.
Nxe2 f6 22. Nf3 Kf7 23. e5 d5 24. exf6 Kxf6 25. Nc3 c6 26. e4 Ne6 27. Ng5 d4
28. Ne2 Nxg5 29. Rxg5 Rad8 1-0

[Event "EUSA open blitz"]
[Site "Budapest"]
[Date "2019.07.28"]
[Round "6.3"]
[White "Barbot, Pierre"]
[Black "Sousa, Andre Ventura"]
[Result "0-1"]
[WhiteElo "2441"]
[BlackElo "2362"]
[PlyCount "96"]
[EventDate "2019.07.28"]
[EventType "swiss"]
[EventRounds "9"]
[EventCountry "HUN"]

1. Nf3 Nf6 2. c4 e6 3. Nc3 c5 4. g3 a6 5. Bg2 Qc7 6. O-O d6 7. d4 cxd4 8. Qxd4
Be7 9. b3 O-O 10. Rd1 b6 11. Ba3 Rd8 12. Rac1 Bb7 13. Qf4 Bf8 14. h3 Nh5 15.
Qg5 Nf6 16. Qf4 Nh5 17. Qe3 Nd7 18. g4 Nhf6 19. Bb2 Rac8 20. Qf4 d5 21. Qxc7
Rxc7 22. cxd5 Nxd5 23. Nxd5 Rxc1 24. Rxc1 Bxd5 25. e3 Nc5 26. Bd4 f6 27. g5 Kf7
28. b4 Nd7 29. a3 Bd6 30. h4 Ke7 31. Kf1 a5 32. bxa5 bxa5 33. a4 Rb8 34. Bc3
Bb4 35. Nd4 Bxc3 36. Bxd5 Bxd4 37. Ba2 Be5 38. Rc6 Rb6 39. Rc8 Rb4 40. Rc6 Bd6
41. f4 Rxa4 42. Bc4 Nb8 43. Rc8 Kd7 44. Rxb8 Rxc4 45. Rb7+ Bc7 46. Ra7 e5 47.
fxe5 fxe5 48. h5 Rg4 0-1

[Event "EUSA open blitz"]
[Site "Budapest"]
[Date "2019.07.28"]
[Round "6.4"]
[White "Korpa, Bence"]
[Black "Predke, Alexandr"]
[Result "1/2-1/2"]
[WhiteElo "2523"]
[BlackElo "2632"]
[PlyCount "120"]
[EventDate "2019.07.28"]
[EventType "swiss"]
[EventRounds "9"]
[EventCountry "HUN"]

1. d4 Nf6 2. Nf3 e6 3. Bf4 d5 4. e3 c5 5. c3 Nc6 6. Nbd2 Be7 7. Bd3 Nh5 8. Be5
Nxe5 9. dxe5 g6 10. Qe2 Bd7 11. c4 Ng7 12. e4 d4 13. h4 Qc7 14. Nb3 a5 15. a4
Qb6 16. Nc1 h6 17. b3 Kd8 18. Bc2 Ne8 19. Nd3 Nc7 20. h5 g5 21. Nh2 Bf8 22. Ng4
Bg7 23. O-O-O Na6 24. Qd2 Nb4 25. Nxb4 Qxb4 26. Qxb4 axb4 27. Rh3 Ke7 28. Rf3
Raf8 29. Nf6 Bxf6 30. Rxf6 g4 31. Rf1 Rfg8 32. f4 gxf3 33. gxf3 Rg5 34. f4 Rxh5
35. f5 Rg8 36. Rf2 Rg3 37. Kb2 Rh1 38. Rd2 Rgh3 39. Bd1 R1h2 40. Rxh2 Rxh2+ 41.
Kc1 Bc6 42. fxe6 fxe6 43. Bg4 Bd7 44. Rg6 h5 45. Rh6 Bc6 46. Rxe6+ Kf7 47. Rf6+
Kg7 48. Bf5 Re2 49. Rg6+ Kf7 50. e6+ Ke7 51. Rg7+ Kf6 52. Rh7 Bxe4 53. Bxe4
Rxe4 54. Rxh5 b6 55. a5 bxa5 56. Rxc5 Kxe6 57. Rxa5 Re3 58. Rd5 Rxb3 59. Rxd4
Rc3+ 60. Kb2 Ke5 1/2-1/2

[Event "EUSA open blitz"]
[Site "Budapest"]
[Date "2019.07.28"]
[Round "6.5"]
[White "Kalogeris, Ioannis"]
[Black "Galburd, Yan"]
[Result "0-1"]
[WhiteElo "2376"]
[BlackElo "2429"]
[PlyCount "72"]
[EventDate "2019.07.28"]
[EventType "swiss"]
[EventRounds "9"]
[EventCountry "HUN"]

1. d4 d5 2. Nf3 e6 3. c4 Nf6 4. Nc3 Bb4 5. Bg5 h6 6. Bxf6 Qxf6 7. e3 O-O 8. Rc1
c6 9. Bd3 dxc4 10. Bxc4 Nd7 11. Qb3 Ba5 12. O-O e5 13. Rfd1 exd4 14. exd4 Nb6
15. Ne4 Qf4 16. Nc5 Nxc4 17. Rxc4 b5 18. Rcc1 Bg4 19. Nd3 Qf5 20. Rc5 Qf6 21.
Nde5 Be6 22. Qa3 Bb6 23. Rxc6 Qf5 24. Rd6 Rad8 25. g4 Qc2 26. Rd2 Qc1+ 27. Kg2
Bd5 28. Rxd8 Rxd8 29. Qe3 Qc7 30. Qf4 Qb7 31. Kg3 Bc7 32. Qf5 f6 33. Nh4 fxe5
34. dxe5 Rf8 35. Qd7 Bxe5+ 36. Kh3 Qxd7 0-1

[Event "EUSA open blitz"]
[Site "Budapest"]
[Date "2019.07.28"]
[Round "6.6"]
[White "Harutyunian, Tigran K"]
[Black "Grimm, Daniel"]
[Result "1/2-1/2"]
[WhiteElo "2552"]
[BlackElo "2280"]
[PlyCount "135"]
[EventDate "2019.07.28"]
[EventType "swiss"]
[EventRounds "9"]
[EventCountry "HUN"]

1. c4 c6 2. b3 d5 3. Bb2 Bg4 4. h3 Bh5 5. d3 Nd7 6. Nd2 e6 7. Ngf3 Ngf6 8. g4
Bg6 9. Nh4 Be7 10. Bg2 a5 11. O-O O-O 12. Nxg6 hxg6 13. cxd5 exd5 14. e4 dxe4
15. dxe4 Nc5 16. Nc4 Qxd1 17. Raxd1 g5 18. e5 Nh7 19. Nd6 Rab8 20. Nf5 Rfe8 21.
Rfe1 Bf8 22. Nd6 Red8 23. Bf1 Ne6 24. a4 Nf4 25. Kh2 Bxd6 26. exd6 Nd5 27. Bc4
Nhf6 28. Bxf6 Nxf6 29. Re7 Rd7 30. Bxf7+ Kf8 31. Rxd7 Nxd7 32. Be6 Nc5 33. Bf5
Rd8 34. Bc2 Ne6 35. Kg3 Rd7 36. Bf5 Kf7 37. h4 gxh4+ 38. Kxh4 g5+ 39. Kg3 Kf6
40. f4 gxf4+ 41. Kf3 Rd8 42. Bxe6 Kxe6 43. Kxf4 Rf8+ 44. Ke4 Kd7 45. g5 Re8+
46. Kf5 Re3 47. g6 Rf3+ 48. Kg5 Rxb3 49. Rg1 Re3 50. g7 Re8 51. Kf6 Kxd6 52.
Kf7 Rb8 53. Rd1+ Kc5 54. Rc1+ Kb4 55. Rb1+ Kxa4 56. Re1 b5 57. Re8 Rb7+ 58. Re7
Rb8 59. g8=Q Rxg8 60. Kxg8 b4 61. Kf7 b3 62. Ke6 b2 63. Rb7 Ka3 64. Kd6 Ka2 65.
Kxc6 b1=Q 66. Rxb1 Kxb1 67. Kb5 Kb2 68. Kxa5 1/2-1/2

[Event "EUSA open blitz"]
[Site "Budapest"]
[Date "2019.07.28"]
[Round "7.1"]
[White "Shevchenko, Kirill"]
[Black "Chigaev, Maksim"]
[Result "1/2-1/2"]
[WhiteElo "2536"]
[BlackElo "2640"]
[PlyCount "75"]
[EventDate "2019.07.28"]
[EventType "swiss"]
[EventRounds "9"]
[EventCountry "HUN"]

1. d4 Nf6 2. c4 d6 3. Nf3 g6 4. Nc3 Bg7 5. e4 O-O 6. Be3 Na6 7. h3 c6 8. g4 Nc7
9. Bg2 b5 10. e5 Nfe8 11. cxb5 Nxb5 12. Nxb5 cxb5 13. O-O Bb7 14. a4 bxa4 15.
Qxa4 Nc7 16. Rac1 Nd5 17. Bg5 Nb6 18. Qa3 Qd7 19. exd6 exd6 20. Rfe1 Nd5 21.
Nd2 h6 22. Be3 Nxe3 23. fxe3 Bxg2 24. Kxg2 f5 25. gxf5 Rxf5 26. Rf1 Raf8 27.
Rxf5 Qxf5 28. Rf1 Qg5+ 29. Kh2 Re8 30. Rf3 Bxd4 31. Nc4 d5 32. Qa4 Rf8 33.
Rxf8+ Kxf8 34. exd4 Qf4+ 35. Kg2 Qe4+ 36. Kh2 Qe2+ 37. Kg3 Qd3+ 38. Kh2 1/2-1/2

[Event "EUSA open blitz"]
[Site "Budapest"]
[Date "2019.07.28"]
[Round "7.2"]
[White "Golubka, Petro"]
[Black "Sousa, Andre Ventura"]
[Result "1/2-1/2"]
[WhiteElo "2483"]
[BlackElo "2362"]
[PlyCount "62"]
[EventDate "2019.07.28"]
[EventType "swiss"]
[EventRounds "9"]
[EventCountry "HUN"]

1. e4 e5 2. Nf3 Nc6 3. Bb5 Nf6 4. d3 Bc5 5. O-O d6 6. c3 O-O 7. Nbd2 a6 8. Ba4
Ba7 9. Bc2 Ne7 10. Re1 Ng6 11. Nf1 c6 12. h3 d5 13. exd5 Nxd5 14. Ng3 Re8 15.
a3 f5 16. Bg5 Qd6 17. Bb3 Kh8 18. Ne4 fxe4 19. dxe4 Qc5 20. exd5 Qxf2+ 21. Kh1
e4 22. Re2 Qb6 23. Bd2 Bxh3 24. Ng5 Bg4 25. Nf7+ Kg8 26. dxc6 Bxe2 27. Ng5+ Kh8
28. Nf7+ Kg8 29. Ng5+ Kh8 30. Qxe2 Nf8 31. Qh5 Qd8 1/2-1/2

[Event "EUSA open blitz"]
[Site "Budapest"]
[Date "2019.07.28"]
[Round "7.3"]
[White "Galburd, Yan"]
[Black "Predke, Alexandr"]
[Result "0-1"]
[WhiteElo "2429"]
[BlackElo "2632"]
[PlyCount "74"]
[EventDate "2019.07.28"]
[EventType "swiss"]
[EventRounds "9"]
[EventCountry "HUN"]

1. d4 Nf6 2. Bf4 e6 3. e3 c5 4. c3 Nc6 5. Nd2 d5 6. Ngf3 Be7 7. h3 Bd6 8. dxc5
Bxc5 9. Bd3 Bd6 10. Bg5 h6 11. Bxf6 Qxf6 12. e4 O-O 13. O-O Rd8 14. Qe2 Bc7 15.
Rfe1 dxe4 16. Nxe4 Qe7 17. Rad1 Bd7 18. Ng3 Be8 19. Qe4 g6 20. Qe3 Kg7 21. Ne2
Bb6 22. Ned4 Qf6 23. Bc2 Nxd4 24. cxd4 Bc6 25. Ne5 Bd5 26. Ng4 Qg5 27. f4 Qh4
28. Kh2 h5 29. Ne5 Rac8 30. Be4 Bxe4 31. Qxe4 Rd5 32. Nxf7 Rf8 33. Ng5 Rxg5 34.
fxg5 Bc7+ 35. Kg1 Qf2+ 36. Kh1 Qg3 37. Qe5+ Bxe5 0-1

[Event "EUSA open blitz"]
[Site "Budapest"]
[Date "2019.07.28"]
[Round "7.4"]
[White "Zaslavsky, Mikhail"]
[Black "Korpa, Bence"]
[Result "0-1"]
[WhiteElo "2405"]
[BlackElo "2523"]
[PlyCount "116"]
[EventDate "2019.07.28"]
[EventType "swiss"]
[EventRounds "9"]
[EventCountry "HUN"]

1. f4 d5 2. Nf3 Nf6 3. e3 g6 4. c4 c6 5. d4 Bg7 6. Nc3 O-O 7. Be2 a6 8. c5 b6
9. cxb6 Qxb6 10. Na4 Qa7 11. b4 Ne4 12. a3 a5 13. Bb2 Ba6 14. O-O Nd7 15. Nc5
Ndxc5 16. bxc5 Nxc5 17. Rc1 Qb7 18. Rxc5 Qxb2 19. Bxa6 Rxa6 20. Qc1 Rb8 21.
Qxb2 Rxb2 22. Rfc1 Rbb6 23. Ne1 e6 24. Nd3 Bf8 25. R5c3 Bd6 26. Kf2 Kf8 27. Kf3
Ke7 28. g4 f6 29. h4 a4 30. h5 Rb3 31. hxg6 hxg6 32. Nc5 Bxc5 33. Rxc5 Kd6 34.
Ra1 Rb5 35. Rxb5 cxb5 36. Rb1 Rb6 37. g5 fxg5 38. fxg5 e5 39. Rd1 b4 40. axb4
Rxb4 41. dxe5+ Kxe5 42. Ra1 Kf5 43. Rd1 Ke5 44. Ra1 Rc4 45. Ra2 Rh4 46. Ra1
Rh3+ 47. Kf2 Rh4 48. Kf3 Rb4 49. Ra2 d4 50. exd4+ Kxd4 51. Kf4 Kd5+ 52. Kf3 Kc4
53. Rc2+ Kb3 54. Rc6 a3 55. Rxg6 a2 56. Ra6 Ra4 57. Rb6+ Ka3 58. g6 a1=Q 0-1

[Event "EUSA open blitz"]
[Site "Budapest"]
[Date "2019.07.28"]
[Round "7.5"]
[White "Petrosyan, Tigran S"]
[Black "Barbot, Pierre"]
[Result "1/2-1/2"]
[WhiteElo "2448"]
[BlackElo "2441"]
[PlyCount "72"]
[EventDate "2019.07.28"]
[EventType "swiss"]
[EventRounds "9"]
[EventCountry "HUN"]

1. Nf3 Nf6 2. c4 e6 3. Nc3 Bb4 4. Qc2 O-O 5. a3 Bxc3 6. Qxc3 b6 7. e3 Bb7 8.
Be2 Ne4 9. Qc2 f5 10. d3 Nf6 11. b4 d6 12. Bb2 Nbd7 13. O-O Qe7 14. Rad1 Rae8
15. d4 Ne4 16. d5 e5 17. Bd3 Nxf2 18. Qxf2 e4 19. Nd4 exd3 20. Ne6 Rf7 21. Rxd3
Ne5 22. Bxe5 dxe5 23. e4 f4 24. Qb2 Bc8 25. Qxe5 Bxe6 26. dxe6 Rf6 27. Rxf4
Rxe6 28. Qd5 c6 29. Qd4 Rxe4 30. Rxe4 Qxe4 31. Qxe4 Rxe4 32. Rd8+ Kf7 33. Rd7+
Re7 34. Rd6 Re6 35. Rd7+ Re7 36. Rd6 Re6 1/2-1/2

[Event "EUSA open blitz"]
[Site "Budapest"]
[Date "2019.07.28"]
[Round "7.6"]
[White "Lewicki, Miroslaw"]
[Black "Molenda, Marcin"]
[Result "1-0"]
[WhiteElo "2351"]
[BlackElo "2387"]
[PlyCount "79"]
[EventDate "2019.07.28"]
[EventType "swiss"]
[EventRounds "9"]
[EventCountry "HUN"]

1. e4 c5 2. Nf3 g6 3. g3 b6 4. Bg2 Bb7 5. Qe2 Bg7 6. O-O Nc6 7. c3 d6 8. d3 Nf6
9. Nbd2 O-O 10. Rd1 e5 11. Nf1 d5 12. Ne3 d4 13. Nc4 Qc7 14. a4 Rfe8 15. h3 a6
16. Na3 dxc3 17. bxc3 Rad8 18. Bb2 Na5 19. Qc2 c4 20. Bf1 cxd3 21. Bxd3 Qc8 22.
Kh2 Qa8 23. Nd2 Bh6 24. f3 Nh5 25. Ndc4 Qb8 26. Qf2 Nxc4 27. Nxc4 b5 28. axb5
axb5 29. Na5 Bc8 30. Nc6 Qc7 31. Nxd8 Rxd8 32. Bxb5 Rf8 33. c4 f5 34. Ra7 Qb8
35. Ba3 Rf7 36. Rxf7 Kxf7 37. Qc5 fxe4 38. Qe7+ Kg8 39. Qe8+ Kg7 40. Qf8# 1-0

[Event "EUSA open blitz"]
[Site "Budapest"]
[Date "2019.07.28"]
[Round "8.1"]
[White "Korpa, Bence"]
[Black "Shevchenko, Kirill"]
[Result "0-1"]
[WhiteElo "2523"]
[BlackElo "2536"]
[PlyCount "104"]
[EventDate "2019.07.28"]
[EventType "swiss"]
[EventRounds "9"]
[EventCountry "HUN"]

1. Nf3 Nf6 2. g3 g6 3. b3 Bg7 4. Bb2 d6 5. d4 O-O 6. Bg2 c5 7. c4 Ne4 8. O-O
Nc6 9. e3 Bg4 10. h3 Bxf3 11. Bxf3 Ng5 12. Bg2 Ne6 13. Na3 cxd4 14. Bxc6 bxc6
15. exd4 c5 16. Nc2 d5 17. Rb1 cxd4 18. Nxd4 Bxd4 19. Bxd4 dxc4 20. Be3 cxb3
21. Rxb3 Qa5 22. Qe2 Rab8 23. Rfb1 Rxb3 24. Rxb3 Rc8 25. Qb2 a6 26. Rb7 Qd8 27.
Kh2 Rc7 28. Rb8 Rc8 29. Rb7 h5 30. Bh6 Kh7 31. Be3 h4 32. Qe2 hxg3+ 33. fxg3
Qd6 34. Rb2 Ng7 35. Bf4 Qd7 36. Rd2 Qb7 37. Qg4 Nf5 38. Qe2 Rc1 39. Qg2 Qb1 40.
Re2 Rd1 41. g4 Nh4 42. Qc6 Qd3 43. Rxe7 Nf3+ 44. Kg2 Nh4+ 45. Kh2 Nf3+ 46. Kg2
Rg1+ 47. Kf2 Rf1+ 48. Kg2 Rg1+ 49. Kf2 Rf1+ 50. Kg2 Nh4+ 51. Kh2 Rf2+ 52. Kg1
Qf1# 0-1

[Event "EUSA open blitz"]
[Site "Budapest"]
[Date "2019.07.28"]
[Round "8.2"]
[White "Chigaev, Maksim"]
[Black "Lewicki, Miroslaw"]
[Result "1-0"]
[WhiteElo "2640"]
[BlackElo "2351"]
[PlyCount "89"]
[EventDate "2019.07.28"]
[EventType "swiss"]
[EventRounds "9"]
[EventCountry "HUN"]

1. e4 c5 2. Nf3 d6 3. Nc3 Nf6 4. e5 dxe5 5. Nxe5 e6 6. g3 Nbd7 7. Nc4 Be7 8.
Bg2 O-O 9. O-O Nb6 10. Ne3 e5 11. a4 a5 12. d3 Rb8 13. b3 Be6 14. Bb2 Ne8 15.
Re1 f6 16. Nc4 Nxc4 17. bxc4 Bf7 18. Rb1 Nc7 19. Bc1 b6 20. Bd2 Kh8 21. Rb2 Na6
22. Nd5 Nb4 23. Nc3 Qd7 24. Nb5 f5 25. Bc3 e4 26. dxe4 Qxd1 27. Rxd1 Rbd8 28.
Re1 Bxc4 29. exf5 Bf6 30. Bxf6 Rxf6 31. Na3 Bf7 32. c3 Nd3 33. Rd2 Rxf5 34. c4
Rf6 35. Re3 Bg6 36. Bf1 Rfd6 37. Nb5 R6d7 38. Bh3 Rf7 39. f4 Rff8 40. f5 Nb4
41. Rxd8 Rxd8 42. fxg6 hxg6 43. Be6 Rd2 44. Re4 Nc2 45. Rh4# 1-0

[Event "EUSA open blitz"]
[Site "Budapest"]
[Date "2019.07.28"]
[Round "8.3"]
[White "Predke, Alexandr"]
[Black "Golubka, Petro"]
[Result "0-1"]
[WhiteElo "2632"]
[BlackElo "2483"]
[PlyCount "118"]
[EventDate "2019.07.28"]
[EventType "swiss"]
[EventRounds "9"]
[EventCountry "HUN"]

1. Nc3 c5 2. e4 e6 3. Nge2 a6 4. g3 b5 5. Bg2 Bb7 6. O-O d6 7. d3 Nc6 8. f4 Be7
9. h3 Nf6 10. g4 h6 11. Ng3 Qc7 12. a4 b4 13. Nce2 Nd4 14. c3 Nxe2+ 15. Qxe2
bxc3 16. bxc3 Nd7 17. Bd2 O-O 18. g5 hxg5 19. fxg5 Ne5 20. Nh5 Qd8 21. Qe3 Ng6
22. Qg3 Bc6 23. h4 Rb8 24. Nf6+ gxf6 25. h5 Rb2 26. Be3 f5 27. hxg6 fxg6 28.
Rab1 Qb6 29. Rxb2 Qxb2 30. Qh4 Qxc3 31. Rf3 Qa1+ 32. Kh2 Qh8 33. Qxh8+ Kxh8 34.
Rh3+ Kg8 35. Rh6 fxe4 36. Rxg6+ Kf7 37. Rh6 Rg8 38. Bh3 Bd7 39. Rh7+ Rg7 40.
Rxg7+ Kxg7 41. dxe4 Kf7 42. Kg3 Bxa4 43. Kh4 Bd1 44. e5 dxe5 45. Bf1 a5 46. Bd3
a4 47. Bc1 Bf3 48. Kg3 e4 49. Bb5 Bd6+ 50. Kf2 Bd1 51. Ke3 Bc2 52. Kd2 Bb3 53.
Ke3 c4 54. Kxe4 a3 55. Kd4 a2 56. Bb2 Bf8 57. g6+ Kg8 58. Bxc4 Bg7+ 59. Kc5
Bxc4 0-1

[Event "EUSA open blitz"]
[Site "Budapest"]
[Date "2019.07.28"]
[Round "8.4"]
[White "Sousa, Andre Ventura"]
[Black "Harutyunian, Tigran K"]
[Result "1-0"]
[WhiteElo "2362"]
[BlackElo "2552"]
[PlyCount "77"]
[EventDate "2019.07.28"]
[EventType "swiss"]
[EventRounds "9"]
[EventCountry "HUN"]

1. e4 e5 2. Nf3 Nc6 3. d4 exd4 4. Nxd4 Bc5 5. Nxc6 bxc6 6. Bd3 d6 7. Nd2 Qh4 8.
Qe2 Nf6 9. Nf3 Qh5 10. h3 O-O 11. Bd2 Re8 12. Bc3 Qg6 13. e5 Bf5 14. Nh4 Bxd3
15. cxd3 Qh6 16. Nf5 Qf4 17. g4 Nd5 18. d4 Bxd4 19. Bxd4 Qxd4 20. Nxd4 Rxe5 21.
Qxe5 dxe5 22. Nxc6 a5 23. O-O-O Nf4 24. Rd8+ Rxd8 25. Nxd8 Nd3+ 26. Kc2 Nxf2
27. Re1 f6 28. Re3 h5 29. gxh5 Kh7 30. Kd2 e4 31. Ne6 f5 32. Nf4 Kh6 33. Ke2
Nh1 34. Ne6 Kxh5 35. Kf1 g5 36. Kg2 f4 37. Rxe4 Ng3 38. Re5 Kh4 39. Nxg5 1-0

[Event "EUSA open blitz"]
[Site "Budapest"]
[Date "2019.07.28"]
[Round "8.5"]
[White "Kaczur, Florian"]
[Black "Barbot, Pierre"]
[Result "0-1"]
[WhiteElo "2463"]
[BlackElo "2441"]
[PlyCount "21"]
[EventDate "2019.07.28"]
[EventType "swiss"]
[EventRounds "9"]
[EventCountry "HUN"]

1. e4 e5 2. Nf3 Nc6 3. Bb5 Nge7 4. c3 a6 5. Ba4 g6 6. d4 b5 7. Bb3 h6 8. O-O
exd4 9. cxd4 d6 10. Nc3 Bg7 11. Nd5 0-1